Statistiques concernant Focus sur: Rubeus Hagrid - Harry Potter

Cliquez ici pour prendre le quiz!

Statistiques générales

  • Ce quiz a été pris 688 fois
  • Le résultat moyen est 11 sur 15

Statistiques - réponses

Informations recherchéesRéponses% Correct
Première apparitionHarry Potter à l'école des sorciers
97%
EspèceDemi-géant
95%
Ecole fréquentéePoudlard
95%
Maison fréquentéeGryffondor
93%
Couleur des cheveuxNoir
92%
Espèce de l'animal de compagnieChien
90%
Profession (adulte)Garde-chasse/Professeur de soins aux créatures magiques
87%
Nom de l'animal de compagnieCrockdur
85%
Demi-frèreGraup
78%
Cachette de la baguetteParapluie rose
77%
Acteur l'interprétant dans les filmsRobbie Coltrane
43%
Lieu de rencontre avec Harry Potter4 Privet Drive
42%
Bois de la baguetteChêne
33%
Statut du sangHybride
23%
MèreFridluva
18%

Distribution des résultats

Percentile par nombre de réponses

% des personnes avec chaque résultat

Votre développement - résultats

Vous n’avez pas pris ce quiz